00475 a2200169 450000100060000002000060000604000220001210000420003424000290007624500240010530000070012936200090013665000230014594200070016895201130017599900170028857360 a  cAnchieta - Pituba aSanto, Antônio Carlos do Espírito10aA farra dos bonecoslpor10aA farra dos bonecos a730 a1995 4aLiteratura juvenil cBK 00104070a91.1b91.1d2023-11-21l0oLJ 028.5 S237f SAN FARp7391/PITr2023-11-21 18:25:02w2023-11-21yBK c57360d57360